000 00428nam a2200169Ia 4500
008 131103s9999 xx 000 0 und d
040 _aLoreto College
041 _aEnglish
082 _a920/GRI
_bLCLIB/
100 _aGriffiths Bede
245 4 _aThe golden string
_cBede Griffiths
260 _aLondon
_bthe harvill
_c1957
300 _avii,168p.
_c 22cm.
650 _aBiography
850 _aLCLIB/920/GRI
942 _cBK
999 _c25174
_d75653